000 00331 a2200157 4500
001 186400
020 _a85-85997-01-X
040 _cMagnum
100 _aAmorim, Galeno
240 1 0 _aEd quebra-ossos
_lpor
245 1 0 _aEd quebra-ossos
300 _a31
362 0 _a1995
697 _aLITERATURA INFANTO-JUVENIL
942 _cBK
999 _c186400
_d186400